| 000 | 00343nam a2200133Ia 4500 | ||
|---|---|---|---|
| 005 | 20251222142000.0 | ||
| 008 | 251222s9999||||xx |||||||||||||| ||spa|| | ||
| 020 | _a9972208656 | ||
| 082 | _a651.74/T74 | ||
| 100 | _aTorres Carrasco, Manuel Alberto | ||
| 245 | 0 | _aDocumentos Empresariales y Laborales | |
| 264 | _bGaceta JurÃdica | ||
| 942 | _cLIB | ||
| 999 |
_c9968 _d9968 |
||